| 000 | 01084nam a2200253 a 4500 | ||
|---|---|---|---|
| 001 | 000043451 | ||
| 005 | 20240412074302.0 | ||
| 008 | 140318s2014 pr c 000 p spa d | ||
| 020 | _a9780974623672 | ||
| 040 |
_aDO-SdBNP _bspa _cBNPHU |
||
| 082 |
_aRD861.44 _bL215d |
||
| 100 | 1 |
_aLamarche, Martha María, _d1900-1954. _971138 |
|
| 245 | 1 | 3 |
_aEn desbocado símbolo : _bantología poética de Martha María Lamarche (1900-1954) / _cMartha María Lamarche ; selección y estudio preliminar Ángela Hernández Núñez ; presentación Sebastián Robiou Lamarche. |
| 260 |
_aSan Juan, Puerto Rico : _bPunto y Coma, _c2014. |
||
| 300 |
_a139 p : _bil., retrs. ; _c23 cm. |
||
| 500 | _aIncluye datos biografícos de la autora en la contraportada del libro | ||
| 590 | _aInventariado, 2018/LP | ||
| 600 | 1 | 4 |
_aLAMARCHE, MARTHA MARÍA, _d1900-1954 _971139 |
| 650 | 0 |
_aPoesía dominicana _966 |
|
| 650 | 0 |
_aLiteratura dominicana. _967 |
|
| 700 | 1 | 2 |
_aRobiou Lamarche, Sebastián _epres. _99669 |
| 700 | 1 | 2 |
_aHernández, Ángela, _d1954- _esel. _92564 |
| 910 | _aValidado. Control de calidad MFF | ||
| 999 |
_c42940 _d42940 |
||